On contemporary literature

محفوظ في:
التفاصيل البيبلوغرافية
التنسيق: كتاب
اللغة:English
منشور في: Chicago, Estados Unidos Avon Books 1969
الموضوعات:
الوسوم: إضافة وسم
لا توجد وسوم, كن أول من يضع وسما على هذه التسجيلة!

MARC

LEADER 00000nam a2200000Ia 4500
008 170316s9999 xx 000 0 eng d
040 |a cru BVZT 
090 |a 801 O-1.1o 
245 |a On contemporary literature  |c Richard Kostelanetz, editor 
260 |a Chicago, Estados Unidos 
260 |b Avon Books 
260 |c 1969 
300 |a 699 páginas 
650 |a TEORÍA LITERARIA 
650 |a EN IDIOMA INGLÉS 
650 |a ANTOLOGÍA 
650 |a ENSAYOS CRÍTICOS 
999 |c 5120  |d 5120 
942 |c 15 D  |h 801 O-1.1o  |2 z